| 000 | 00752nam a2200217 a 4500 | ||
|---|---|---|---|
| 001 | 000014236 | ||
| 003 | DO-SdBNP | ||
| 005 | 20250513133033.0 | ||
| 008 | 091208s1999 dr 000 0 spa d | ||
| 040 |
_aDO-SdBNP _bspa _cBNPHU |
||
| 049 | _aBNPD | ||
| 082 |
_a370.7 _bP273 |
||
| 245 | 0 | 0 |
_aParticipación, descentralización y desarrollo / _ccomposición y edición Raymundo González. |
| 260 |
_aSanto Domingo : _bCentro Poveda, _c1999. |
||
| 300 |
_a231 p. ; _c26 cm. |
||
| 500 | _aAnuario pedagógico 2 | ||
| 504 | _aIncluye referencias bibliográficas y notas al pie de las páginas | ||
| 650 | 4 |
_aCalidad de la educación _zRepública Dominicana _9741 |
|
| 650 | 0 |
_aInnovaciones educativas _zRepública Dominicana _917115 |
|
| 942 |
_2ddc _cLBS1 |
||
| 999 |
_c13835 _d13835 |
||